000 00244nam a22001097a 4500
082 _a621.42 WAL'S
100 _aWALKER, G
_975322
245 _aSTIRLING ENGINES
260 _aOXFORD
_bCLARENDON PRESS
_c1980
300 _aXXII, 532P
942 _cBK
999 _c580762
_d580762